Central Library OPAC University of Rajshahi

Touched with fire : (Record no. 28651)

MARC details
000 -LEADER
fixed length control field 00901nam a2200265u 4500
001 - CONTROL NUMBER
control field 28651
003 - CONTROL NUMBER IDENTIFIER
rucl marc code BD-RjUL
005 - DATE AND TIME OF LATEST TRANSACTION
control field 20211209051318.0
008 - FIXED-LENGTH DATA ELEMENTS--GENERAL INFORMATION
fixed length control field 140331s1946 maua 001 0aeng d
035 ## - SYSTEM CONTROL NUMBER
System control number (BD-RjUL)28733
040 ## - CATALOGING SOURCE
Original cataloging agency DLC
Transcribing agency CarP
Modifying agency DLC
-- BD-RjUL
Language of cataloging eng
041 ## - LANGUAGE CODE
Language code of text/sound track or separate title eng
082 00 - DEWEY DECIMAL CLASSIFICATION NUMBER
Classification number 973.781
Author mark and year HOT 1946
100 1# - MAIN ENTRY--PERSONAL NAME
Personal name Holmes, Oliver Wendell,
Dates associated with a name 1841-1935.
9 (RLIN) 87690
245 10 - TITLE STATEMENT
Title Touched with fire :
Statement of responsibility, etc. Civil War letters and diary of Oliver Wendell Holmes, Jr., 1861-1864 /
260 ## - PUBLICATION, DISTRIBUTION, ETC. (IMPRINT)
Place of publication, distribution, etc. Cambridge, Mass.,
Name of publisher, distributor, etc. Harvard university press,
Date of publication, distribution, etc. 1946.
300 ## - PHYSICAL DESCRIPTION
Pagination x, 1958 p. :
Illustrations ill. ;
Size 22 cm.
504 ## - BIBLIOGRAPHY, ETC. NOTE
Bibliography, etc Includes index.
610 20 - SUBJECT ADDED ENTRY--CORPORATE NAME
Corporate name or jurisdiction name as entry element Massachusetts infantry.
651 #0 - SUBJECT ADDED ENTRY--GEOGRAPHIC NAME
Geographic name United States
General subdivision History
Chronological subdivision Civil War, 1861-1865
Form subdivision Personal narratives.
9 (RLIN) 87692
700 1# - ADDED ENTRY--PERSONAL NAME
Personal name Howe, Mark De Wolfe,
Dates associated with a name 1906-1967,
Relator term ed.
942 ## - ADDED ENTRY ELEMENTS (KOHA)
Source of classification or shelving scheme Dewey Decimal Classification
Koha item type Books
Holdings
Lost status Source of classification or shelving scheme Damaged status Not for loan Collection code Permanent Location Current Location Shelving location Date acquired Source of acquisition Cost, normal purchase price Total Checkouts Full call number Date last seen Copy number Koha item type
  Dewey Decimal Classification   Added to bundle Non-fiction Central Library, University of Rajshahi Central Library, University of Rajshahi Reading Room 09/08/1956 O. U. P. 12.00   973.781 HOT 1946 31/03/2014 C-1 Books
  Dewey Decimal Classification     Non-fiction Central Library, University of Rajshahi Central Library, University of Rajshahi   13/02/1958 U.S.I.S, Dacca, Gift.     973.781 HOT 1947 31/03/2014 C-2 Books